Представление документа в формате RUSMARC

ПолеНазваниеЗначение
  Тип записи a
  Библиографический уровень m
001 Контрольный номер RU/CBS_UL/BASE/aa112fdfee9f472eade4a9e6517820fa
005 Дата корректировки 20260114140943.5
010 Индекс ISBN __
a ISBN 978-5-7793-3091-6
b Уточнения в пер.
d Цена 963 р. 50 к.
9 Тираж 1 000 экз.
100 Данные общей обработки __
a Данные общей обработки 20260114d 0rusy0189## ca
101 Язык документа 0_
a Язык текста rus
102 Страна публикации __
a Страна публикации RU
200 Заглавие и сведения об ответственности 1_
a Заглавие Почтовая история
f Первые сведения об ответственности Т. Д. Пономарева
210 Выходные данные 1_
a Место издания Москва
c Издательство Белый город
c Издательство Воскресный день
d Дата издания 2025
215 Физическое описание __
a Объем 47, [1] с.
c Иллюстрации/тип воспроизводства ил.
d Формат 26,5 см.
225 Серия 2_
a Серия История России
300 Общие примечания __
a Общие примечания 6+
606 Тематические рубрики 0_
a Основная рубрика Почта - История
610 Ключевые слова 0_
a Ключевые слова почта; история связи; открытки; письма; символ почты; конверты почтовые; ящик почтовый; марки (почтовые)
686 Индексы других классификаций __
2 Код системы rubbk
a Классификационный индекс 32.88
700 Автор _1
a Фамилия Пономарева
b Имя (инициалы) Т. Д.
g Полное личное имя Татьяна Дмитриевна
801 Источник записи _0
a Страна RU
b Организация МБУК ЦБС г. Ульяновска
c Дата составления 20260114
g Правила каталогизации RCR
801 Источник записи _1
a Страна RU
b Организация МБУК ЦБС г. Ульяновска
c Дата составления 20260114
g Правила каталогизации RCR
852 Данные о местонахождении __
i Авторский знак П 56
j Шифр хранения 32.88
900 Электронные ресурсы __
a Имя электронного ресурса пономарева почт ист
901 Тип документа __
t Тип документа m
909 Создатель записи __
a Создатель записи obr6
b Дата создания записи 20260114